| 000 | 01398nam a2200385 a 4500 | ||
|---|---|---|---|
| 001 | ebr10369725 | ||
| 003 | CaPaEBR | ||
| 006 | m u | ||
| 007 | cr cn||||||||| | ||
| 008 | 990713s1999 enk sb 001 0 eng d | ||
| 010 | _z 99071431 | ||
| 020 | _z0761963146 | ||
| 020 | _z0761963154 (pbk.) | ||
| 020 | _z9780761963141 | ||
| 020 | _z9780857022165 (e-book) | ||
| 040 |
_aCaPaEBR _cCaPaEBR |
||
| 035 | _a(OCoLC)606451626 | ||
| 050 | 1 | 4 |
_aBF637.C6 _bD35 1999eb |
| 082 | 0 | 4 |
_a158/.3 _221 |
| 100 | 1 | _aD'Ardenne, Patricia. | |
| 245 | 1 | 0 |
_aTranscultural counselling in action _h[electronic resource] / _cPatricia d'Ardenne and Aruna Mahtani. |
| 250 | _a2nd ed. | ||
| 260 |
_aLondon ; _aThousand Oaks, Calif. : _bSAGE Publications, _c1999. |
||
| 300 | _axv, 142 p. | ||
| 490 | 1 | _aCounselling in action | |
| 504 | _aIncludes bibliographical references (p. 128-136) and index. | ||
| 533 |
_aElectronic reproduction. _bPalo Alto, Calif. : _cebrary, _d2013. _nAvailable via World Wide Web. _nAccess may be limited to ebrary affiliated libraries. |
||
| 650 | 0 | _aCounseling. | |
| 650 | 0 | _aPsychotherapy. | |
| 655 | 7 |
_aElectronic books. _2local |
|
| 700 | 1 | _aMahtani, Aruna. | |
| 710 | 2 | _aebrary, Inc. | |
| 830 | 0 | _aCounselling in action. | |
| 856 | 4 | 0 |
_uhttp://site.ebrary.com/lib/rucke/Doc?id=10369725 _zAn electronic book accessible through the World Wide Web; click to view |
| 999 |
_c213394 _d213394 |
||